| 000 | 00683nam a2200241Ia 4500 | ||
|---|---|---|---|
| 003 | GCL | ||
| 008 | 140319s9999 xx 000 0 ara d | ||
| 040 |
_aGCL / _cGCL |
||
| 082 | 0 | 4 |
_a609 _bج ع |
| 100 | 1 | _aجورج سارتون | |
| 245 | 1 | 0 |
_aالعلم القديم والمدنية الحديثة / _cجورج سارتون |
| 700 | 1 | _aعبدالحميد صبرة (مترجم) | |
| 260 |
_a[S.N] : _bمكتبة النهضة المصرية ، _c1960 |
||
| 300 | _a217 ص | ||
| 490 | _a | ||
| 650 | 0 | 4 | _aتاريخ |
| 650 | 0 | 4 | _aالطب |
| 650 | 0 | 4 | _aالاسلام |
| 650 | 0 | 4 | _aالعلم |
| 650 | 0 | 4 | _aالرياضيات |
| 650 | 0 | 4 | _aالفلك |
| 942 |
_2ddc _cBK |
||
| 999 |
_c29843 _d29843 |
||